Central Library OPAC University of Rajshahi

Elements of optical coherence theory / (Record no. 67562)

MARC details
000 -LEADER
fixed length control field 00795nam a2200253 a 4500
001 - CONTROL NUMBER
control field 67562
003 - CONTROL NUMBER IDENTIFIER
rucl marc code (BD-RjUL)
005 - DATE AND TIME OF LATEST TRANSACTION
control field 20211209081653.0
008 - FIXED-LENGTH DATA ELEMENTS--GENERAL INFORMATION
fixed length control field 170327s1982 nyua b 001 0 eng
020 ## - INTERNATIONAL STANDARD BOOK NUMBER
International Standard Book Number 0471567892
035 ## - SYSTEM CONTROL NUMBER
System control number (BD-RjUL)67693
040 ## - CATALOGING SOURCE
Original cataloging agency DLC
Transcribing agency DLC
Modifying agency EQO
Language of cataloging eng
041 ## - LANGUAGE CODE
Language code of text/sound track or separate title eng
082 0# - DEWEY DECIMAL CLASSIFICATION NUMBER
Classification number 535.2
Edition number 23
Author mark and year MAE 1982
100 1# - MAIN ENTRY--PERSONAL NAME
Personal name Marathay, Arvind S.,
Dates associated with a name 1933-
9 (RLIN) 200186
245 10 - TITLE STATEMENT
Title Elements of optical coherence theory /
Statement of responsibility, etc. Arvind S. Marathay.
260 ## - PUBLICATION, DISTRIBUTION, ETC. (IMPRINT)
Place of publication, distribution, etc. New York :
Name of publisher, distributor, etc. Wiley,
Date of publication, distribution, etc. c1982.
300 ## - PHYSICAL DESCRIPTION
Pagination xx, 316 p. :
Illustrations ill. ;
Size 24 cm.
490 1# - SERIES STATEMENT
Series statement Wiley series in pure and applied optics,
504 ## - BIBLIOGRAPHY, ETC. NOTE
Bibliography, etc Includes bibliographies and indexes.
650 #0 - SUBJECT ADDED ENTRY--TOPICAL TERM
Topical term or geographic name as entry element Coherence (Optics)
9 (RLIN) 200187
830 #0 - SERIES ADDED ENTRY--UNIFORM TITLE
Uniform title Wiley series in pure and applied optics,
942 ## - ADDED ENTRY ELEMENTS (KOHA)
Source of classification or shelving scheme Dewey Decimal Classification
Koha item type Books
Holdings
Lost status Source of classification or shelving scheme Damaged status Not for loan Collection code Permanent Location Current Location Shelving location Date acquired Source of acquisition Total Checkouts Full call number Date last seen Copy number Koha item type
  Dewey Decimal Classification   Not For Loan Non-fiction Central Library, University of Rajshahi Central Library, University of Rajshahi Reading Room 12/04/1887 Asia Foundation   535.2 MAE 1982 27/03/2017 C-1 Books